| 000 | 00000nam##2200000za#4500 |
| 001 | 9.590505 |
| 003 | CaOODSP |
| 005 | 20210624200146 |
| 007 | cr ||||||||||| |
| 008 | 150406|1991||||xxc|||||o f|0| 0 eng|d |
| 040 | |aCaOODSP|beng |
| 041 | |aeng |
| 041 | |afre |
| 043 | |an-cn--- |
| 086 | 1 |aS52-2/206-PDF |
| 110 | 1 |aCanada. |bPublic Works and Government Services Canada. |bTranslation Bureau. |
| 245 | 10|aAda language vocabulary / |h[electronic resource]|c[by] Noël Lazure. |
| 260 | |aOttawa - Ontario : |bPublic Works and Government Services Canada. |cc1991. |
| 300 | |a229p. |
| 490 | 1 |aTerminology bulletin|vNo. 206 |
| 500 | |aDigitized edition from print. [Produced by Publishing and Depository Services, 2014.] Issued by Dept. of Secretary of State, Terminology and Linguistic Services Directorate. |
| 504 | |aBibliography. |
| 590 | |a14-22-Supp|b2014-12-24 |
| 720 | 1 |aLazure, Noël |
| 776 | 0#|tVocabulaire du langage Ada / |w(CaOODSP)9.519425 |
| 792 | |tVocabulaire du langage Ada / |efre|w(CaOODSP)9.590506 |
| 830 | #0|aTerminology bulletin ;|vNo. 206|w(CaOODSP)9.500139 |
| 856 | 40|ahttp://publications.gc.ca|qPDF|s2025 KB|uhttps://publications.gc.ca/collections/collection_2014/tpsgc-pwgsc/S52-2-206.pdf|yNo. 206 |